|
|
|
|
| LEADER |
01041nam a2200277 a 4500 |
| 001 |
3695 |
| 003 |
BD-DhAAL |
| 005 |
20190217102632.0 |
| 008 |
150711s1995 maua b 001 0 eng |
| 999 |
|
|
|c 35028
|d 35028
|
| 010 |
|
|
|a 94069690
|
| 020 |
|
|
|a 0669397326
|
| 040 |
|
|
|a DLC
|c DLC
|d DLC
|d BD-DhAAL
|
| 050 |
0 |
0 |
|a JK274
|b .W67 1995b
|
| 082 |
|
|
|a 320.473
|
| 100 |
1 |
|
|a Wilson, James Q.
|9 13072
|
| 245 |
1 |
0 |
|a American government :
|b the essentials /
|c James Q. Wilson, John J. DiIulio, Jr.
|
| 250 |
|
|
|a 6th ed.
|
| 260 |
|
|
|a Lexington, Mass. :
|b D.C. Heath,
|c c1995.
|
| 300 |
|
|
|a xi, 524, 69 p. :
|b ill. (some col.) ;
|c 26 cm.
|
| 504 |
|
|
|a Includes bibliographical references (p. 31-40, 2nd group) and index.
|
| 541 |
|
|
|e 3695
|
| 651 |
|
0 |
|a United States
|x Politics and government.
|9 13074
|
| 700 |
1 |
|
|a DiIulio, John J.,
|c Jr.,
|d 1958-
|9 13075
|
| 942 |
|
|
|2 ddc
|c BK
|
| 952 |
|
|
|0 0
|1 0
|2 ddc
|4 0
|6 320_473000000000000_WIL
|7 0
|9 54909
|a SCL
|b SCL
|c GEN
|d 2015-07-11
|e Gift: The Asia Foundation
|l 1
|o 320.473 WIL
|p 3020003695
|r 2025-06-27
|s 2025-06-21
|t 1
|w 2015-07-11
|y BK
|